L'action de la Banque de France en matiere de politique monétaire et de surveillance du systeme bancaire.
Tri hlavné funkcie a ciele Francúzskej banky pri uskutočňovaní menovej politiky. Činnosť pri úrokovej miere. Politika devízového kurzu a medzinárodné vzťahy. Francúzska banka ako štátna banka. Riadenie a dozor nad bankami a nad kapitálovým trhom. Kontrola činnosti úverových ústavov. Národná rada pre...
Gespeichert in:
| Format: | Buchkapitel |
|---|---|
| Sprache: | Französisch |
| Schlagworte: | |
| Tags: |
Keine Tags, Fügen Sie das erste Tag hinzu!
|
MARC
| LEADER | 00000naa a2200000 4500 | ||
|---|---|---|---|
| 001 | r009588 | ||
| 005 | 20220913124419.4 | ||
| 041 | 0 | |a fre | |
| 044 | |a FR | ||
| 245 | 1 | 0 | |a L'action de la Banque de France en matiere de politique monétaire et de surveillance du systeme bancaire. |
| 520 | |a Tri hlavné funkcie a ciele Francúzskej banky pri uskutočňovaní menovej politiky. Činnosť pri úrokovej miere. Politika devízového kurzu a medzinárodné vzťahy. Francúzska banka ako štátna banka. Riadenie a dozor nad bankami a nad kapitálovým trhom. Kontrola činnosti úverových ústavov. Národná rada pre úver. (Banque de France, Dossiers écon. et monétaires sur l'étranger 1992, jún). | ||
| 610 | 2 | 0 | |a banky emisné |
| 610 | 2 | 0 | |a Francúzsko |
| 610 | 2 | 0 | |a politika menová |
| 610 | 2 | 0 | |a sústava banková |
| 610 | 2 | 0 | |a miera úroková |
| 610 | 2 | 0 | |a úver bankový |
| 610 | 2 | 0 | |a kurz devízový |
| 610 | 2 | 0 | |a riadenie |
| 610 | 2 | 0 | |a kontrola banková |
| 610 | 2 | 0 | |a trh kapitálový |